Anuari Econòmic Comarcal Caixa de Catalunya 1997 : Estimació del PIB comarcal 1996 / Direcció Josep Oliver i Alonso ; Estudis comarcals: l'Anoia, el Bages, la Conca de Barberà, Osona, la Segarra, l'Urgell ; Direcció, Antoni Soy i Casals Estimació del PIB comarcal 1996 / Direcció Josep Oliver i Alonso ; Estudis comarcals:

Publicat: Barcelona : Caixa d'Estalvis de Catalunya , 1997
Descripció física: 354 p. ; 27'5 cm

MARC

LEADER 00000nam a2200000Ia 4500
001 11722
008 160829s1997 xx 000 0 cat d
080 |a M-1-173 
245 |a Anuari Econòmic Comarcal Caixa de Catalunya 1997 :  |b  Estimació del PIB comarcal 1996 / Direcció Josep Oliver i Alonso ; Estudis comarcals:  |b  l'Anoia, el Bages, la Conca de Barberà, Osona, la Segarra, l'Urgell ; Direcció, Antoni Soy i Casals 
260 |a Barcelona :  |b Caixa d'Estalvis de Catalunya,  |c 1997 
300 |a 354 p. ;  |c 27'5 cm 
650 0 |a Economia  |z Catalunya  |9 19142 
650 0 |a Producte interior brut  |z Catalunya  |9 3495 
650 |a Catalunya  |x Condicions econòmiques  |x Estadístiques  |9 32657 
700 |a Oliver i Alonso, Josep, dir.   |9 32655  |e editor literari 
700 1 |a Soy, Antoni,   |d 1950-  |e editor literari  |9 42665 
901 |a Arxiu 
942 |n 1  |2 udc 
952 |0 0  |1 0  |4 0  |6 M1173  |7 1  |9 46062  |a Arxiu  |b Arxiu  |d 2016-12-01  |l 0  |o M-1-173  |p 11722  |r 2016-12-01 00:00:00  |w 2016-12-01  |y ARXIU 
999 |c 49563  |d 49563